| 000 | 00460nab a2200145Ia 4500 | ||
|---|---|---|---|
| 003 | ES-SlBCS | ||
| 005 | 20210601134623.0 | ||
| 008 | 140529s1987 xxu||||| |||| 00| 0 spa d | ||
| 041 | _aspa | ||
| 100 | 1 |
_aMartínez, Miguel _9220343 |
|
| 245 | 0 | 0 |
_aImplicaciones de la neurociencia para la creatividad y el autoaprendizaje _c Miguel Martínez |
| 650 | 0 | 4 |
_aNeurociencia _9112996 |
| 773 | 0 |
_tAnthropos _gvol. 8, nº. 14, 1987, págs. 95-125-4 _wRev38 |
|
| 942 | _cAR | ||
| 999 |
_c615413 _d615413 |
||